Top 100 Biggest Cities in Maine - Statistics

General Stats
  • This quiz has been taken 862 times
    205 since last reset
  • The average score is 27 of 100
Answer Stats
# City Population % Correct
1 Portland 68,408
97%
12 Augusta 18,899
94%
3 Bangor 31,753
89%
2 Lewiston 37,121
79%
4 South Portland 26,498
77%
63 Bar Harbor 5,098
61%
5 Auburn 24,061
56%
6 Biddeford 22,552
52%
11 Saco 20,381
52%
29 Presque Isle 8,797
50%
15 Waterville 15,828
48%
9 Brunswick 21,756
46%
44 Caribou 7,396
45%
20 Orono 11,183
45%
22 Kittery 10,070
44%
8 Sanford 21,982
44%
16 York 13,723
44%
7 Scarborough 22,135
42%
30 Bath 8,766
41%
10 Westbrook 20,400
41%
60 Camden 5,232
38%
17 Falmouth 12,444
37%
31 Freeport 8,737
37%
27 Yarmouth 8,990
37%
34 Ellsworth 8,399
36%
14 Gorham 18,336
36%
53 Houlton 6,055
36%
28 Old Orchard Beach 8,960
34%
45 Belfast 6,938
33%
19 Wells 11,314
33%
87 Fort Kent 4,067
31%
43 Old Town 7,431
31%
46 Rockland 6,936
31%
13 Windham 18,434
31%
26 Cape Elizabeth 9,535
30%
41 Farmington 7,592
30%
25 Topsham 9,560
27%
36 Gray 8,269
26%
70 Lincoln 4,853
26%
23 Lisbon 9,711
26%
32 Skowhegan 8,620
26%
100 Rockport 3,644
25%
33 Cumberland 8,473
24%
85 Millinocket 4,114
24%
37 Berwick 7,950
23%
24 Brewer 9,672
23%
64 Norway 5,077
23%
42 South Berwick 7,467
23%
61 Paris 5,179
22%
80 China 4,408
21%
55 Poland 5,906
21%
56 Rumford 5,858
21%
79 Dover-Foxcroft 4,422
20%
54 Gardiner 5,961
20%
67 North Berwick 4,978
20%
83 Oxford 4,229
20%
82 Arundel 4,264
19%
21 Standish 10,244
19%
68 Bucksport 4,944
18%
47 Eliot 6,717
17%
48 Fairfield 6,484
17%
86 North Yarmouth 4,072
17%
38 Winslow 7,948
17%
97 Wiscasset 3,742
17%
92 Madawaska 3,867
16%
40 Hampden 7,709
15%
49 Lebanon 6,469
15%
84 Durham 4,173
14%
72 Madison 4,726
14%
58 New Gloucester 5,676
14%
62 Waldoboro 5,154
14%
69 Warren 4,865
14%
39 Waterboro 7,936
14%
71 Hollis 4,745
13%
90 Pittsfield 3,908
13%
76 Raymond 4,536
13%
50 Hermon 6,461
12%
75 Jay 4,620
12%
51 Oakland 6,230
12%
52 Winthrop 6,121
12%
99 Casco 3,646
11%
66 Harpswell 5,031
11%
91 Limington 3,892
11%
89 Naples 3,925
11%
96 Dexter 3,803
10%
95 Orrington 3,812
10%
65 Sabattus 5,044
10%
74 Sidney 4,645
10%
57 Turner 5,817
10%
94 Winterport 3,817
10%
81 Greene 4,376
9%
78 Vassalboro 4,520
9%
98 West Gardiner 3,671
9%
73 Glenburn 4,648
8%
77 Lyman 4,525
8%
88 Monmouth 4,066
7%
93 Wilton 3,835
6%
18 Kennebuck 11,536
5%
59 Brighton 5,418
1%
35 Huxton 8,376
1%
No matching quizzes found
Score Distribution
Percent of People with Each Score
Percentile by Number Answered
Your Score History
You have not taken this quiz since the last reset